[Event "SK Münster 2 - Elberfelder SG 1"]
[Site "NRW-Klasse, Gruppe 2 2010/201"]
[Date "2010.09.26"]
[Round "1.8"]
[White "Kaufhold, Thomas"]
[Black "Podder, Michael"]
[Result "1-0"]
[WhiteElo "1986"]
[BlackElo "1918"]
[PlyCount "115"]
[EventDate "2010.??.??"]

1. d4 Nf6 2. c4 d6 3. Nc3 g6 4. e4 Bg7 5. f3 c6 6. Be3 Na6 7. Qd2 h5 8. Nge2
Rb8 9. Nc1 Nd7 10. Be2 c5 11. dxc5 Ndxc5 12. Rb1 b6 13. b4 Nd7 14. Nd5 Nc7 15.
O-O O-O 16. Nb3 Bb7 17. Nd4 Rc8 18. a4 Ne5 19. Rfc1 e6 20. Bg5 Qd7 21. Ne7+ Kh7
22. Nxc8 Rxc8 23. a5 Rg8 24. axb6 axb6 25. Be3 f5 26. exf5 gxf5 27. c5 Nd5 28.
Bb5 Qf7 29. c6 Nxe3 30. Qxe3 Bc8 31. Rd1 Qg6 32. Qf2 Bh6 33. Rb3 h4 34. Kh1 Qf6
35. Ne2 d5 36. Qxb6 Bf8 37. Qd4 Bd6 38. f4 Qg7 39. g3 hxg3 40. Rxg3 Ng4 41.
Qxg7+ Rxg7 42. Rb1 Ra7 43. Kg2 Ra2 44. Rf3 e5 45. fxe5 Bxe5 46. Bd3 Bc7 47. b5
Bb6 48. Re1 Kg6 49. Kg3 Kf6 50. Nf4 Bc7 51. Re8 Be6 52. h3 Bf7 53. Rc8 Bxf4+
54. Rxf4 Ne3 55. Rf8 Rg2+ 56. Kf3 d4 57. Rxd4 Ke7 58. Rxf7+ 1-0

[Event "Bielefelder SK 1 - SV Erkenschwick 1"]
[Site "NRW-Klasse, Gruppe 2 2010/201"]
[Date "2010.10.24"]
[Round "2.1"]
[White "Erwich, Marc"]
[Black "Forchert, Martin"]
[Result "1/2-1/2"]
[WhiteElo "2296"]
[BlackElo "2385"]
[PlyCount "126"]
[EventDate "2010.??.??"]

1. e4 Nf6 2. e5 Nd5 3. c4 Nb6 4. c5 Nd5 5. Bc4 c6 6. Nc3 d6 7. Qf3 Nd7 8. exd6
Ne5 9. Qe2 Nxc4 10. Qxc4 exd6 11. Nxd5 cxd5 12. Qe2+ Be7 13. cxd6 Qxd6 14. Nf3
O-O 15. O-O Bg4 16. d4 Qf6 17. Be3 Bd6 18. h3 Bxf3 19. Qxf3 Qxf3 20. gxf3 Rac8
21. Rac1 f5 22. Rxc8 Rxc8 23. Rc1 Rc6 24. Rxc6 bxc6 25. Kg2 Kf7 26. Kf1 Bc7 27.
b4 Bb6 28. f4 Kg6 29. Kg2 Kh5 30. Kg3 Bd8 31. Bd2 Bh4+ 32. Kg2 Bf6 33. Be3 h6
34. f3 Be7 35. Bd2 Bh4 36. Bc3 Kg6 37. Bd2 Kf6 38. Kf1 Ke6 39. Be1 Bf6 40. Bc3
Kd7 41. Ke2 Kc7 42. Kd3 Kb6 43. a4 Kc7 44. Be1 Be7 45. Bd2 Bh4 46. Ke2 Kb6 47.
Bc3 Bg3 48. Bd2 Kb7 49. Kf1 Kc7 50. Ke2 Bh4 51. Bc3 a6 52. Bd2 Kd7 53. Be1 Bf6
54. Bc3 Ke6 55. Kf2 Kf7 56. Kg2 Kg6 57. Kg3 Kh5 58. Kg2 Be7 59. Bd2 Bd6 60. Kg3
g5 61. Kg2 Be7 62. Kg3 Bf6 63. Bc3 Be7 1/2-1/2

[Event "Bielefelder SK 1 - SV Erkenschwick 1"]
[Site "NRW-Klasse, Gruppe 2 2010/201"]
[Date "2010.10.24"]
[Round "2.2"]
[White "Goeßling, Guido"]
[Black "van Beek, Alexander"]
[Result "0-1"]
[WhiteElo "2188"]
[BlackElo "2264"]
[PlyCount "70"]
[EventDate "2010.??.??"]

1. e4 e5 2. Nf3 Nc6 3. Bc4 Nf6 4. d4 exd4 5. e5 d5 6. Bb5 Ne4 7. Nxd4 Bd7 8.
Bxc6 bxc6 9. O-O Bc5 10. f3 Ng5 11. f4 Ne4 12. Be3 Bb6 13. Nc3 Nxc3 14. bxc3 c5
15. Ne2 Bc6 16. Qd2 Qe7 17. Ng3 O-O-O 18. Kh1 h5 19. a4 h4 20. Nf5 Qd7 21. Nxh4
Rxh4 22. a5 d4 23. Bf2 Bxg2+ 24. Kg1 Rxh2 25. Bg3 Bxf1 26. Qxh2 Bb5 27. axb6
cxb6 28. Rd1 Qg4 29. Rd2 dxc3 30. Rxd8+ Kxd8 31. Qg2 Bc6 32. Qxc6 Qxg3+ 33. Kh1
Qh3+ 34. Kg1 Qg4+ 35. Kh1 Qh5+ 0-1

[Event "Bielefelder SK 1 - SV Erkenschwick 1"]
[Site "NRW-Klasse, Gruppe 2 2010/201"]
[Date "2010.10.24"]
[Round "2.3"]
[White "Erwich, Frank A.S"]
[Black "Wagenknecht, Uwe"]
[Result "0-1"]
[WhiteElo "2282"]
[BlackElo "2172"]
[Annotator ",Daniel"]
[PlyCount "71"]
[EventDate "2010.??.??"]

1. c4 b6 2. Nc3 Bb7 3. e4 e6 4. Nf3 Bb4 5. Qc2 Nf6 6. e5 Ng4 7. d4 c5 8. h3
cxd4 9. hxg4 dxc3 10. bxc3 Ba5 11. Nd4 Qc7 12. Nb5 Qxe5+ 13. Be2 Bxg2 14. Rh5
f5 15. Ba3 Nc6 16. Qd2 Bb4 17. Bxb4 Nxb4 18. f4 Qc5 19. O-O-O Nxa2+ 20. Qxa2 g6
21. Rh2 Be4 22. Nd6+ Ke7 23. Nxe4 fxe4 24. Rdh1 h5 25. gxh5 gxh5 26. Rxh5 Rxh5
27. Rxh5 Qg1+ 28. Bd1 Rg8 29. Rh7+ Rg7 30. Qa3+ Kf7 31. Rxg7+ Qxg7 32. Kb2 e3
33. Qxa7 Qg2+ 34. Bc2 Qd2 35. f5 exf5 36. Qc7 {Zü} 0-1

[Event "Bielefelder SK 1 - SV Erkenschwick 1"]
[Site "NRW-Klasse, Gruppe 2 2010/201"]
[Date "2010.10.24"]
[Round "2.4"]
[White "Simon, Hans Christian"]
[Black "Van Zutphen, Jimmy"]
[Result "1/2-1/2"]
[WhiteElo "2148"]
[BlackElo "2161"]
[PlyCount "49"]
[EventDate "2010.??.??"]

1. Nf3 Nf6 2. c4 g6 3. Nc3 d5 4. cxd5 Nxd5 5. Qa4+ c6 6. Qd4 Nf6 7. Qxd8+ Kxd8
8. d4 Bg7 9. e4 b6 10. Bc4 b5 11. Bb3 b4 12. e5 bxc3 13. exf6 exf6 14. bxc3
Re8+ 15. Be3 Bh6 16. Kd2 Bxe3+ 17. fxe3 Re7 18. Ne1 Bf5 19. Rf1 Nd7 20. Nd3
Bxd3 21. Kxd3 f5 22. Bd1 Nf6 23. Bf3 Kc7 24. Rae1 Rae8 25. h4 1/2-1/2

[Event "Bielefelder SK 1 - SV Erkenschwick 1"]
[Site "NRW-Klasse, Gruppe 2 2010/201"]
[Date "2010.10.24"]
[Round "2.5"]
[White "Krings, Christoph"]
[Black "Forchert, Niko"]
[Result "1/2-1/2"]
[WhiteElo "2123"]
[BlackElo "2171"]
[PlyCount "44"]
[EventDate "2010.??.??"]

1. d4 d5 2. Nf3 Nf6 3. g3 Bf5 4. Bg2 e6 5. O-O Nbd7 6. c4 c6 7. Nc3 Be7 8. Nd2
O-O 9. b3 Qb6 10. Bb2 Bb4 11. a3 Be7 12. c5 Qc7 13. b4 e5 14. e3 h5 15. dxe5
Nxe5 16. e4 dxe4 17. Ndxe4 Rad8 18. Qb3 Nd3 19. Rad1 Nxb2 20. Qxb2 h4 21. Qe2
Rfe8 22. Rxd8 Rxd8 1/2-1/2

[Event "Bielefelder SK 1 - SV Erkenschwick 1"]
[Site "NRW-Klasse, Gruppe 2 2010/201"]
[Date "2010.10.24"]
[Round "2.6"]
[White "Danielmeier, Ralf"]
[Black "Homs, Guust"]
[Result "1/2-1/2"]
[WhiteElo "2089"]
[BlackElo "2077"]
[PlyCount "78"]
[EventDate "2010.??.??"]

1. e4 e5 2. Bc4 Nc6 3. Nc3 Bc5 4. Qg4 Bf8 5. Qg3 g6 6. d3 Bg7 7. Bg5 f6 8. Bd2
Nd4 9. O-O-O c6 10. Nf3 Nxf3 11. gxf3 d6 12. f4 Qe7 13. h4 Be6 14. f5 Bxc4 15.
dxc4 gxf5 16. exf5 O-O-O 17. Rhg1 Bf8 18. Na4 Qf7 19. Qc3 Qd7 20. Be3 Bh6 21.
Bxh6 Nxh6 22. Qe3 Nxf5 23. Qxa7 Qe6 24. Rd3 Kc7 25. Rf3 Rhg8 26. Re1 Rb8 27.
Qa5+ Kd7 28. Rd3 Ke7 29. Nc5 Qc8 30. Ne4 Ra8 31. Qb4 Rxa2 32. Nxd6 Nxd6 33.
Qxd6+ Kf7 34. Qd7+ Qxd7 35. Rxd7+ Ke6 36. Rxh7 Rd8 37. Kb1 Rda8 38. Kc1 Rd8 39.
Kb1 Rda8 1/2-1/2

[Event "Bielefelder SK 1 - SV Erkenschwick 1"]
[Site "NRW-Klasse, Gruppe 2 2010/201"]
[Date "2010.10.24"]
[Round "2.7"]
[White "Eggenstein, Frank"]
[Black "Gruettemeier, Uwe"]
[Result "1-0"]
[WhiteElo "2022"]
[BlackElo "2078"]
[PlyCount "65"]
[EventDate "2010.??.??"]

1. e4 c6 2. d4 d5 3. e5 c5 4. dxc5 Nc6 5. Bf4 e6 6. Nd2 Bxc5 7. Nb3 Bb6 8. Qg4
g6 9. Nf3 h5 10. Qg3 Qc7 11. c3 Bd7 12. Bg5 Nge7 13. Bf6 Rg8 14. Ng5 Nf5 15.
Qf4 Na5 16. Nd2 Rc8 17. Bd3 a6 18. h3 Bc6 19. b4 Nc4 20. Nxc4 dxc4 21. Be4 Qd7
22. Rd1 Qc7 23. O-O h4 24. Kh2 Qb8 25. Bxc6+ bxc6 26. Rd2 Bd8 27. Ne4 Be7 28.
Bxe7 Kxe7 29. Qg5+ Kf8 30. Qf6 Qc7 31. Rfd1 Re8 32. Rd7 Qxd7 33. Rxd7 1-0

[Event "Bielefelder SK 1 - SV Erkenschwick 1"]
[Site "NRW-Klasse, Gruppe 2 2010/201"]
[Date "2010.10.24"]
[Round "2.8"]
[White "Horacek, Helmut"]
[Black "Strozewski, Frank"]
[Result "0-1"]
[WhiteElo "2017"]
[BlackElo "1959"]
[PlyCount "78"]
[EventDate "2010.??.??"]

1. e4 d6 2. d4 g6 3. Nc3 Bg7 4. Nf3 Bg4 5. Be3 Nc6 6. Be2 e5 7. d5 Nce7 8. Nd2
Bd7 9. O-O f5 10. f4 exf4 11. Bxf4 Nf6 12. Bf3 O-O 13. e5 dxe5 14. Bxe5 Re8 15.
Nc4 Nc8 16. Re1 Nd6 17. Qd4 Nf7 18. d6 c6 19. Qd3 b5 20. Bxf6 Qxf6 21. Na5 Ne5
22. Rxe5 Rxe5 23. Nxc6 Bxc6 24. Bxc6 Rd8 25. Nxb5 a6 26. Nc3 Rxd6 27. Qc4+ Kh8
28. Bf3 Qd8 29. Be2 Rc5 30. Qf4 Be5 31. Qf3 g5 32. Kh1 Rh6 33. h3 g4 34. Qxf5
gxh3 35. gxh3 Bd4 36. Qf3 Rf6 37. Qe4 Re5 38. Qg4 Qa8+ 39. Kh2 Rf2+ 0-1

[Event "SK Münster 2 - SK Herne-Sodingen 1"]
[Site "NRW-Klasse, Gruppe 2 2010/201"]
[Date "2010.10.24"]
[Round "2.1"]
[White "Langers, Alexander"]
[Black "Emunds, Hans Georg"]
[Result "0-1"]
[WhiteElo "2155"]
[BlackElo "2138"]
[PlyCount "70"]
[EventDate "2010.??.??"]

1. e4 c5 2. Nf3 Nc6 3. d4 cxd4 4. Nxd4 g6 5. c4 Bg7 6. Be3 Nf6 7. Nc3 O-O 8.
Be2 d6 9. O-O Bd7 10. Rc1 Nxd4 11. Bxd4 Bc6 12. Qd3 Nd7 13. Bxg7 Kxg7 14. b4 b6
15. f4 Kg8 16. Bf3 a5 17. a3 Ra7 18. Rfd1 axb4 19. axb4 Qa8 20. Nd5 Bxd5 21.
cxd5 Rc8 22. Bg4 Rxc1 23. Rxc1 Ra1 24. Qc3 Rxc1+ 25. Qxc1 Nf6 26. Bf3 b5 27.
Qc3 Qa7+ 28. Kf1 Qa2 29. Qd4 Qb1+ 30. Kf2 Qc2+ 31. Kg3 Qc1 32. e5 dxe5 33. Qxe5
Kg7 34. Qxe7 Qc3 35. Qc5 Ne4+ 0-1

[Event "SK Münster 2 - SK Herne-Sodingen 1"]
[Site "NRW-Klasse, Gruppe 2 2010/201"]
[Date "2010.10.24"]
[Round "2.2"]
[White "Chilla, Jan Eric"]
[Black "Schippan, Bernhard"]
[Result "0-1"]
[WhiteElo "2079"]
[BlackElo "2222"]
[Annotator ",Daniel"]
[PlyCount "78"]
[EventDate "2010.??.??"]

1. e4 c5 2. Nf3 Nc6 3. Bb5 e6 4. Bxc6 bxc6 5. d3 Ne7 6. O-O Ng6 7. Qe2 d6 8.
Nc3 Be7 9. g3 e5 10. Ne1 Bh3 11. Ng2 O-O 12. f4 exf4 13. Bxf4 Bf6 14. Rf2 Rb8
15. Nd1 Bxg2 16. Kxg2 Bxb2 17. Nxb2 Rxb2 18. Be3 Qe7 19. h4 h6 20. a4 Qe6 21.
Raf1 $11 Ne5 22. Rf5 Qa2 23. R1f2 c4 24. dxc4 Qxc4 25. Qxc4 Nxc4 26. Kf3 Ne5+
27. Kf4 Rb4 28. Bxa7 Rxa4 29. Be3 Re8 30. g4 Ng6+ 31. Kg3 Rexe4 32. Bf4 Rxf4
33. R5xf4 Nxf4 34. Rxf4 Rxf4 35. Kxf4 Kf8 36. Kf5 Ke7 37. h5 Kd7 38. c4 Ke7 39.
Kf4 Kf6 0-1

[Event "SK Münster 2 - SK Herne-Sodingen 1"]
[Site "NRW-Klasse, Gruppe 2 2010/201"]
[Date "2010.10.24"]
[Round "2.3"]
[White "Waldschmidt, Georg"]
[Black "Mueschenich, Stefan"]
[Result "1-0"]
[WhiteElo "2161"]
[BlackElo "2081"]
[PlyCount "45"]
[EventDate "2010.??.??"]

1. e4 c5 2. Nf3 d6 3. d4 Nf6 4. Nc3 cxd4 5. Nxd4 Bd7 6. f3 Nc6 7. Be3 a6 8. Qd2
e6 9. g4 h6 10. O-O-O Qc7 11. h4 O-O-O 12. Rg1 g6 13. Kb1 Be7 14. Nb3 Be8 15.
g5 hxg5 16. hxg5 Nd7 17. f4 Kb8 18. Nd4 Nb6 19. Ndb5 axb5 20. Nxb5 Qc8 21. Bxb6
Rd7 22. Qc3 Rh4 23. Na7 1-0

[Event "SK Münster 2 - SK Herne-Sodingen 1"]
[Site "NRW-Klasse, Gruppe 2 2010/201"]
[Date "2010.10.24"]
[Round "2.4"]
[White "Wellen, Hendrik"]
[Black "Becker, Joerg"]
[Result "0-1"]
[WhiteElo "2045"]
[BlackElo "2172"]
[PlyCount "50"]
[EventDate "2010.??.??"]

1. d4 Nf6 2. c4 e6 3. Nc3 Bb4 4. e3 b6 5. Bd3 Bb7 6. f3 O-O 7. Nge2 d5 8. cxd5
exd5 9. O-O a6 10. Qc2 Re8 11. Kh1 Qe7 12. Ng3 Nc6 13. a3 Bxc3 14. bxc3 Na5 15.
Re1 c5 16. Qb1 Qc7 17. e4 dxe4 18. fxe4 Ng4 19. Ra2 c4 20. Bc2 f5 21. e5 Nf2+
22. Kg1 Qc6 23. Ne4 Nxe4 24. Bxe4 fxe4 25. Rae2 Qg6 0-1

[Event "SK Münster 2 - SK Herne-Sodingen 1"]
[Site "NRW-Klasse, Gruppe 2 2010/201"]
[Date "2010.10.24"]
[Round "2.5"]
[White "Berndt, Joachim"]
[Black "Borrink, Joern"]
[Result "1-0"]
[WhiteElo "2118"]
[BlackElo "2075"]
[PlyCount "45"]
[EventDate "2010.??.??"]

1. d4 d5 2. Nf3 Nf6 3. c3 g6 4. Bf4 Bg7 5. e3 Nbd7 6. Be2 c6 7. O-O Ne4 8. h3
f6 9. Nbd2 e5 10. dxe5 Nxd2 11. Qxd2 fxe5 12. Bg5 Qb6 13. e4 d4 14. cxd4 exd4
15. Bc4 Rf8 16. e5 c5 17. Rfe1 Qc6 18. a4 a6 19. Bf6 Nb6 20. Bd3 Bxf6 21. exf6+
Kd8 22. f7 Be6 23. Qg5+ 1-0

[Event "SK Münster 2 - SK Herne-Sodingen 1"]
[Site "NRW-Klasse, Gruppe 2 2010/201"]
[Date "2010.10.24"]
[Round "2.7"]
[White "Scheibe, Werner"]
[Black "Sundorf, Jannik"]
[Result "1/2-1/2"]
[WhiteElo "1848"]
[BlackElo "2003"]
[PlyCount "33"]
[EventDate "2010.??.??"]

1. d4 Nf6 2. e3 g6 3. Bd3 Bg7 4. Nf3 O-O 5. O-O c5 6. c3 d5 7. Nbd2 Nbd7 8. Re1
Re8 9. e4 cxd4 10. Nxd4 Nc5 11. Bb5 Bd7 12. Bxd7 Qxd7 13. e5 Nfe4 14. f3 Nxd2
15. Qxd2 Rac8 16. Qe2 Ne6 17. Nxe6 1/2-1/2

[Event "SK Münster 2 - SK Herne-Sodingen 1"]
[Site "NRW-Klasse, Gruppe 2 2010/201"]
[Date "2010.10.24"]
[Round "2.8"]
[White "Virnyi, Julius"]
[Black "Kowalczyk, Frank"]
[Result "1/2-1/2"]
[WhiteElo "1891"]
[BlackElo "1786"]
[PlyCount "48"]
[EventDate "2010.??.??"]

1. e4 e5 2. Nf3 Nc6 3. Bb5 a6 4. Ba4 Nf6 5. O-O Be7 6. Re1 b5 7. Bb3 d6 8. h3
O-O 9. c3 Na5 10. Bc2 c5 11. d4 Qc7 12. Nbd2 Bd7 13. d5 c4 14. Nf1 Rfc8 15. g4
Bf8 16. Bg5 Ne8 17. Ng3 g6 18. Qd2 Bg7 19. Kg2 Nb7 20. Bh6 Qd8 21. Bg5 Bf6 22.
Be3 Bg7 23. Bg5 Bf6 24. Be3 Bg7 1/2-1/2

[Event "Elberfelder SG 1 - Kölner SK Dr. Lasker"]
[Site "NRW-Klasse, Gruppe 2 2010/201"]
[Date "2010.10.24"]
[Round "2.1"]
[White "Marcziter, Dmitrii"]
[Black "Odendahl, Reiner"]
[Result "0-1"]
[WhiteElo "2243"]
[BlackElo "2303"]
[Annotator ",Daniel"]
[PlyCount "106"]
[EventDate "2010.??.??"]

1. d4 g6 2. Nf3 Bg7 3. c4 c5 4. d5 b5 5. cxb5 a6 6. b6 Qxb6 7. Nc3 d6 8. e4 Bg4
9. Be2 Bxf3 10. Bxf3 Nd7 11. O-O Ngf6 12. a4 O-O 13. a5 Qb7 14. Be2 Rfb8 15. f4
Ne8 16. Bc4 Nc7 17. e5 Nb5 18. Kh1 $11 dxe5 19. Ne4 Nd4 20. Ng5 Rf8 21. Ra3 Qb4
22. Ra4 Qb8 23. b4 Nb5 24. Qf3 Qc8 25. Bd2 Nd6 26. Be2 c4 27. Rc1 exf4 28. Bxf4
Ne5 29. Bxe5 Bxe5 30. Ne4 Qd7 31. Ra2 Rfb8 32. Nc5 Qc8 33. Bxc4 Rxb4 34. Be2
Bf4 35. Nd3 Bxc1 36. Nxb4 Qb7 37. Ra4 Bg5 38. g3 Bf6 39. Nc6 Qb1+ 40. Kg2 Qc2
41. Rb4 Kg7 42. Qd3 Qa2 43. Kg1 Nb5 44. Bf1 Rc8 45. Rc4 Rc7 46. Rc2 Qa1 47. Kg2
Rd7 48. Qf3 Qa4 49. Rc4 Qa2+ 50. Kh3 Rd6 51. Rc5 Nd4 52. Qe4 Qf2 53. Bg2 Ne2
0-1

[Event "Elberfelder SG 1 - Kölner SK Dr. Lasker"]
[Site "NRW-Klasse, Gruppe 2 2010/201"]
[Date "2010.10.24"]
[Round "2.2"]
[White "Hintze, Helge"]
[Black "Loseries, Uwe"]
[Result "1-0"]
[WhiteElo "2303"]
[BlackElo "2096"]
[PlyCount "93"]
[EventDate "2010.??.??"]

1. Nf3 Nf6 2. c4 g6 3. Nc3 Bg7 4. e4 d6 5. d4 O-O 6. Be2 e5 7. Be3 exd4 8. Nxd4
Re8 9. f3 c6 10. Bf2 d5 11. exd5 cxd5 12. c5 Nc6 13. O-O Nh5 14. Qd2 Be5 15. g3
Ng7 16. Bb5 Bd7 17. Rfd1 Rc8 18. Bf1 Be6 19. Nxe6 Nxe6 20. f4 Bd4 21. Bxd4
Ncxd4 22. Qf2 Qf6 23. Nxd5 Qg7 24. Rac1 Rcd8 25. Bg2 Ne2+ 26. Qxe2 Nxf4 27. Qf2
Ne2+ 28. Kh1 Nxc1 29. Rxc1 f5 30. Nf4 Re5 31. h4 Rde8 32. Rd1 a5 33. Rd6 g5 34.
hxg5 Re1+ 35. Kh2 Qxg5 36. Nh3 Qg4 37. Rd4 Qg7 38. Rd2 R1e3 39. Nf4 Qh6+ 40.
Bh3 Qc6 41. Bg2 Qh6+ 42. Nh3 Qh5 43. Qf4 Re2 44. Rxe2 Qxe2 45. Qg5+ Kh8 46.
Qf6+ Kg8 47. Nf4 1-0

[Event "Elberfelder SG 1 - Kölner SK Dr. Lasker"]
[Site "NRW-Klasse, Gruppe 2 2010/201"]
[Date "2010.10.24"]
[Round "2.3"]
[White "di Franco, Patricio"]
[Black "Mantler, Hendrik"]
[Result "1/2-1/2"]
[WhiteElo "2086"]
[BlackElo "2136"]
[PlyCount "27"]
[EventDate "2010.??.??"]

1. d4 Nf6 2. c4 e6 3. g3 d5 4. Nf3 Be7 5. Bg2 O-O 6. O-O dxc4 7. Qc2 a6 8. Nbd2
b5 9. Ng5 Ra7 10. b3 Nbd7 11. bxc4 bxc4 12. Nxc4 c5 13. Ne5 Bb7 14. Bxb7
1/2-1/2

[Event "Elberfelder SG 1 - Kölner SK Dr. Lasker"]
[Site "NRW-Klasse, Gruppe 2 2010/201"]
[Date "2010.10.24"]
[Round "2.4"]
[White "Werbeck, Torsten"]
[Black "van Muenster, Kirsten"]
[Result "1/2-1/2"]
[WhiteElo "2053"]
[BlackElo "2081"]
[PlyCount "33"]
[EventDate "2010.??.??"]

1. d4 Nf6 2. Nf3 g6 3. c4 Bg7 4. Nc3 d5 5. cxd5 Nxd5 6. e4 Nxc3 7. bxc3 c5 8.
Rb1 O-O 9. Be2 b6 10. O-O Bb7 11. e5 cxd4 12. cxd4 Bd5 13. Qc2 Nc6 14. Be3 Qd7
15. Rfd1 Rac8 16. Qb2 Na5 17. Nd2 1/2-1/2

[Event "Elberfelder SG 1 - Kölner SK Dr. Lasker"]
[Site "NRW-Klasse, Gruppe 2 2010/201"]
[Date "2010.10.24"]
[Round "2.5"]
[White "Hoeren, Andreas"]
[Black "Wunsch, Axel"]
[Result "1-0"]
[WhiteElo "2103"]
[BlackElo "2122"]
[PlyCount "183"]
[EventDate "2010.??.??"]

1. d4 d6 2. e4 Nf6 3. Nc3 g6 4. Nf3 Bg7 5. h3 O-O 6. Be3 Nbd7 7. a4 e5 8. dxe5
Nxe5 9. Nxe5 dxe5 10. Bc4 Qe7 11. O-O a6 12. Qe2 Be6 13. Bg5 c6 14. a5 Rfd8 15.
Bxe6 Qxe6 16. Kh2 Bf8 17. Be3 Rd7 18. Na4 Rad8 19. Nb6 Re7 20. f3 Ree8 21. Qc4
Bd6 22. Rfd1 Qxc4 23. Nxc4 Bc7 24. Kg1 Rd7 25. Bg5 Rxd1+ 26. Rxd1 Kg7 27. Kf1
h6 28. Be3 Re7 29. Rd3 Rd7 30. Rb3 Bb8 31. Ke1 Ne8 32. Bc5 f6 33. Nb6 Rf7 34.
Rd3 Nc7 35. Bd6 Ba7 36. Bxc7 Rxc7 37. Nc4 Bc5 38. c3 Kf7 39. Ke2 Ke8 40. g3 Rd7
41. g4 Rxd3 42. Kxd3 Kd7 43. b4 Bf2 44. Nb2 c5 45. Kc4 cxb4 46. cxb4 Kc6 47.
Nd3 b5+ 48. axb6 Bxb6 49. f4 Kd6 50. f5 gxf5 51. gxf5 Kc6 52. Ne1 Be3 53. Nf3
Bg5 54. Nh2 Bf4 55. Ng4 Bg5 56. Nf2 Be3 57. Nd3 Bb6 58. Nb2 Be3 59. Nd3 Bb6 60.
Nb2 Be3 61. Kb3 Bd4 62. Nc4 Bb6 63. Na3 Bd4 64. Kc4 Bb2 65. b5+ Kb6 66. Nb1
axb5+ 67. Kd5 Bc1 68. h4 Bf4 69. Ke6 Kc5 70. Kxf6 Bg3 71. Ke6 Bxh4 72. Kxe5 Bg5
73. f6 h5 74. Kf5 Bh6 75. Kg6 Bf8 76. Kxh5 Kd4 77. Nd2 Ke5 78. Kg6 b4 79. Kf7
Bh6 80. Kg6 Bf8 81. f7 b3 82. Nxb3 Kxe4 83. Kf6 Kd5 84. Nd2 Kd6 85. Nf3 Kd7 86.
Ne5+ Kd6 87. Nf3 Kd7 88. Ng5 Ba3 89. Nf3 Bf8 90. Ne5+ Kd8 91. Ke6 Ba3 92. Nc6+
1-0

[Event "Elberfelder SG 1 - Kölner SK Dr. Lasker"]
[Site "NRW-Klasse, Gruppe 2 2010/201"]
[Date "2010.10.24"]
[Round "2.6"]
[White "Noetzel, Frank"]
[Black "Cramer, Volker"]
[Result "1/2-1/2"]
[WhiteElo "2208"]
[BlackElo "2054"]
[PlyCount "35"]
[EventDate "2010.??.??"]

1. e4 e6 2. d4 d5 3. Nc3 Nf6 4. Bg5 Be7 5. e5 Nfd7 6. Bxe7 Qxe7 7. f4 f6 8. Nf3
O-O 9. Qd2 c5 10. O-O-O cxd4 11. Qxd4 fxe5 12. fxe5 Nc6 13. Qe3 Qc5 14. Qe1 Qb4
15. Qg3 a5 16. Bd3 Nc5 17. Rd2 Nxd3+ 18. Rxd3 1/2-1/2

[Event "Elberfelder SG 1 - Kölner SK Dr. Lasker"]
[Site "NRW-Klasse, Gruppe 2 2010/201"]
[Date "2010.10.24"]
[Round "2.7"]
[White "Mews, Bernhard"]
[Black "Wicht, Juergen"]
[Result "0-1"]
[WhiteElo "2050"]
[BlackElo "2069"]
[Annotator ",Daniel"]
[PlyCount "136"]
[EventDate "2010.??.??"]

1. e4 d6 2. d4 Nf6 3. Nc3 e5 4. Nf3 exd4 5. Nxd4 Be7 6. Bf4 O-O 7. Qd2 a6 8.
O-O-O b5 9. f3 Nh5 10. Be3 c5 11. Nf5 Bxf5 12. exf5 Nf6 13. g4 b4 14. Nd5 Nxd5
15. Qxd5 Nd7 16. Qd2 Nb6 $11 17. g5 d5 18. f6 Bd6 19. h4 Qc7 20. Qf2 Rfe8 21.
Kb1 d4 22. Bc1 Bg3 23. Qg2 Bf4 24. h5 Bxc1 25. Rxc1 c4 26. g6 h6 27. Rg1 Ra7
28. Qd2 Qd6 29. Re1 Rxe1+ 30. Qxe1 Qc6 31. Bh3 fxg6 32. Rxg6 Qxf3 33. Qe6+ Kh7
34. Rg1 Qe3 35. Bf5+ Kh8 36. Qxe3 dxe3 37. Re1 gxf6 38. Rxe3 Nd5 39. Re8+ Kg7
40. Kc1 Re7 41. Rxe7+ Nxe7 42. Be6 f5 43. Bxc4 a5 44. Kd2 Kf6 45. Ke3 Ke5 46.
c3 bxc3 47. bxc3 f4+ 48. Kf3 Nf5 49. Bf7 Nd6 50. Bg8 Ne4 51. c4 Nc5 52. Bf7 a4
53. Bd5 a3 54. Bc6 Nb3 55. Bb5 Nd4+ 56. Kf2 Ke4 57. Be8 Ne6 58. Bg6+ Ke5 59.
Kf3 Ng5+ 60. Ke2 Kd4 61. Bd3 Nf7 62. Bh7 Ne5 63. Bg8 Kc5 64. Bd5 Nxc4 65. Bg8
Ne5 66. Kd2 Kd4 67. Be6 f3 68. Bf5 Nc4+ 0-1

[Event "Elberfelder SG 1 - Kölner SK Dr. Lasker"]
[Site "NRW-Klasse, Gruppe 2 2010/201"]
[Date "2010.10.24"]
[Round "2.8"]
[White "Reinartz, Georg"]
[Black "Eckler, Klaus"]
[Result "1/2-1/2"]
[WhiteElo "2255"]
[BlackElo "2030"]
[PlyCount "25"]
[EventDate "2010.??.??"]

1. d4 Nf6 2. c4 Nc6 3. Nf3 e6 4. g3 Bb4+ 5. Bd2 Qe7 6. Bg2 Bxd2+ 7. Nbxd2 d6 8.
O-O a5 9. h3 O-O 10. Re1 e5 11. d5 Nb8 12. e4 Nbd7 13. Qc2 1/2-1/2

[Event "Mettmann-Sport 1 - SC Klein-Berlin Rhei"]
[Site "NRW-Klasse, Gruppe 2 2010/201"]
[Date "2010.10.24"]
[Round "2.1"]
[White "van Assendelft, Floris"]
[Black "Griebl, Joern"]
[Result "1-0"]
[WhiteElo "2357"]
[BlackElo "2262"]
[PlyCount "63"]
[EventDate "2010.??.??"]

1. e4 c5 2. Nf3 d6 3. d4 cxd4 4. Nxd4 Nf6 5. Nc3 a6 6. Bg5 e6 7. f4 Nc6 8. Qd3
Qb6 9. Bxf6 gxf6 10. Nb3 Bd7 11. Be2 Na5 12. O-O-O Nxb3+ 13. cxb3 Qa5 14. Kb1
Bc6 15. Rhe1 Be7 16. Qh3 h5 17. a3 h4 18. b4 Qb6 19. f5 e5 20. Bc4 Rh7 21. Re2
O-O-O 22. Nd5 Bxd5 23. Bxd5 Kb8 24. Rc2 Rd7 25. Qg4 Bd8 26. Qg8 Rh5 27. Rdc1
Ka7 28. Qe8 Re7 29. Qf8 Rg5 30. Rc8 Rd7 31. Qe8 Rc7 32. R1xc7 1-0

[Event "Mettmann-Sport 1 - SC Klein-Berlin Rhei"]
[Site "NRW-Klasse, Gruppe 2 2010/201"]
[Date "2010.10.24"]
[Round "2.2"]
[White "Bossy, Arnim"]
[Black "Ottens, Stephan"]
[Result "1/2-1/2"]
[WhiteElo "2158"]
[BlackElo "2162"]
[PlyCount "40"]
[EventDate "2010.??.??"]

1. d4 Nf6 2. Bg5 Ne4 3. Bf4 c5 4. f3 Qa5+ 5. c3 Nf6 6. d5 d6 7. e4 e6 8. Qd2
exd5 9. exd5 Be7 10. c4 Qc7 11. Nc3 Bf5 12. Nge2 a6 13. Ng3 Bg6 14. Be2 O-O 15.
O-O Nbd7 16. Rfe1 Rfe8 17. Be3 Nh5 18. Nge4 Nhf6 19. Ng3 Nh5 20. Nge4 Nhf6
1/2-1/2

[Event "Mettmann-Sport 1 - SC Klein-Berlin Rhei"]
[Site "NRW-Klasse, Gruppe 2 2010/201"]
[Date "2010.10.24"]
[Round "2.4"]
[White "Tochtrop, Matthias"]
[Black "Lambrechts, Koen"]
[Result "0-1"]
[WhiteElo "2105"]
[BlackElo "2157"]
[PlyCount "40"]
[EventDate "2010.??.??"]

1. g3 Nf6 2. c4 g6 3. Bg2 Bg7 4. Nc3 O-O 5. e4 d6 6. Nge2 Nbd7 7. O-O c6 8. f4
e5 9. h3 Re8 10. d3 Nf8 11. f5 h5 12. Be3 gxf5 13. exf5 d5 14. cxd5 cxd5 15. d4
N8h7 16. Qd3 e4 17. Qd2 Bd7 18. Rf2 b5 19. Bh6 Qb6 20. Bxg7 e3 0-1

[Event "Mettmann-Sport 1 - SC Klein-Berlin Rhei"]
[Site "NRW-Klasse, Gruppe 2 2010/201"]
[Date "2010.10.24"]
[Round "2.5"]
[White "Buendgen, Achim"]
[Black "Wille, Thomas"]
[Result "1/2-1/2"]
[WhiteElo "2138"]
[BlackElo "2106"]
[PlyCount "126"]
[EventDate "2010.??.??"]

1. d4 d5 2. c4 e6 3. cxd5 exd5 4. Nc3 c6 5. Qc2 g6 6. Bf4 Bg7 7. e3 Bf5 8. Qd2
Nd7 9. f3 Ngf6 10. g4 Be6 11. h4 h5 12. g5 Ng8 13. Bd3 Ne7 14. Nge2 Nf5 15. Ng3
Nxg3 16. Bxg3 Qa5 17. Bd6 Rc8 18. b4 Qd8 19. Qh2 Bf8 20. Bxf8 Kxf8 21. O-O Qe7
22. Rab1 Kg7 23. e4 Nb6 24. e5 Qd7 25. Qf4 Bf5 26. Bxf5 Qxf5 27. Qxf5 gxf5 28.
Ne2 Nd7 29. Kf2 Nf8 30. Rfc1 Ng6 31. Kg3 a6 32. a4 Ra8 33. Rc2 Nf8 34. b5 cxb5
35. axb5 Ne6 36. bxa6 bxa6 37. Ra1 f4+ 38. Nxf4 Nxd4 39. Rc7 Rhc8 40. Nxh5+ Kf8
41. Rxa6 Rxa6 42. Rxc8+ Ke7 43. Rc7+ Ke6 44. Nf4+ Kxe5 45. Nd3+ Kd6 46. Rxf7
Ra3 47. Rf6+ Ke7 48. Nb4 Ne2+ 49. Kf2 Nc3 50. h5 Ra1 51. Kg2 Rd1 52. h6 Rd2+
53. Kg3 Ne2+ 54. Kh3 Ng1+ 55. Kg4 Rg2+ 56. Kf5 Nxf3 57. Nxd5+ Ke8 58. Nc7+ Ke7
59. Nd5+ Ke8 60. Nc7+ Ke7 61. Ne6 Nh4+ 62. Ke4 Rxg5 63. Nxg5 Kxf6 1/2-1/2